Les 10 villes de France les plus peuplées commençant par G - Statistiques

Statistiques générales
  • Ce quiz a été pris 82 fois
  • Le résultat moyen est 3 sur 10
Statistiques - réponses
# Ville Population % Correct
1 Grenoble 156.389
96%
6 Gap 40.656
43%
4 Garges-lès-Gonesse 42.388
34%
3 Grasse 48.669
34%
2 Gennevilliers 50.874
26%
10 Grigny 26.500
23%
9 Gonesse 26.959
19%
5 Gagny 40.790
18%
7 Goussainville 30.952
15%
8 Guyancourt 29.758
11%
Aucun quiz correspondant
Distribution des résultats
% des personnes avec chaque résultat
Percentile par nombre de réponses
Votre historique - résultats
Vous n’avez pas pris ce quiz